000 01376nam a2200301 a 4500
003 OSt
005 20240223095320.0
007 cr ||||||a|c|a
008 231213s2020 mx a|||fom||| 001 0 spa d
040 _erda
100 1 _9188439
_aCalixto Rojas, Carlos Humberto
245 1 0 _aIdentificación de nematodos agalladores que afectan al cultivo de maíz y calabaza en el municipio de Calpan, Puebla /
_cpor Carlos Humberto Calixto Rojas y Oscar Alejandro Bautista Cornejo : director de tesis Calixto Leopoldo Carrillo Fonseco.
264 1 _aChapingo, México :
_bEl autor,
_c2020.
300 _a1 recurso en línea ( 52 páginas):
_bfiguras.
336 _2rdacontent
_atexto
_btxt
337 _2rdamedia
_acomputadora
_bc
338 _2rdacarrier
_arecurso en línea
_bcr
502 _bIAEPA
_cParasitología
_d2020.
_gLIC
504 _aIncluye referencias bibliográficas: páginas 49-52.
650 4 _970942
_aMaíz
_xEnfermedades por nemátodos
650 4 _917269
_aCalabaza
_xEnfermedades
650 4 _9126180
_aNemátodos
_xControl
650 4 _9128341
_aNemátodos
_xIdentificación
700 1 _9188440
_aBautista Cornejo, Oscar Alejandro
_eDirector de tesis.
700 0 _919482
_aCarrillo Fonseca, Calixto Leopoldo
856 _uhttp://10.13.5.2/tesis/tl/Calixto_Rojas_Carlos_Humberto.pdf
_zDESCARGAR PDF
942 _2Clasificación Universidad Autónoma Chapingo
_cTD
999 _c219510
_d219510